000 00204 a2200109 4500
020 _a9788493781460
041 _aspa
100 _aMar Pavon
245 _aLa Gallina Cocorina
942 _cBK
952 _71
999 _c24072
_d24072